Les personnages de demain nous appartient - Statistiques

Statistiques générales
  • Ce quiz a été pris 577 fois
  • Le résultat moyen est 99 sur 291
Statistiques - réponses
Episode Intrigue indice Réponse % Correct
1- régulier Bertrand Alex
90%
1- régulier Delcourt Chloé
86%
1-2000 régulier Delcourt Anna
80%
1- régulier Delcourt Judith
80%
1-1964 Régulier Delcourt Maxime
78%
1- régulier Delcourt Marianne
75%
745- régulier Delcourt Celeste
72%
487- régulier Jacob Aurore
69%
2- Régulier Vallorta Bart
64%
994- Régulier Roussel Audrey
63%
36-51 le jeu de l'ange Beltram Audrey
63%
199-962 régulier Bellanger Jeanne
63%
1- régulier Lazzari Victoire
63%
392- régulier Gueho Gabriel
62%
755-986 régulier Girard Ben
61%
497- régulier Daunier Manon
61%
1- régulier Saeed Karim
60%
3- régulier Beddiar Noor
60%
28-1618 Régulier Lazzari-Moiret Arthur
59%
151- régulier Chardeau Samuel
59%
1- régulier Beddiar Soraya
59%
1380- régulier Leclercq Aaron
58%
347-745 chasse au trésor/ psychose Delcourt André
58%
17- régulier Clement Lou
58%
46-1689 régulier Dumaze Renaud
58%
1-1485 régulier Lazzari Sandrine
58%
1264- régulier Vernet Adam
57%
1278-1780 régulier Hassan Amel
57%
6- régulier Moreno Christelle
57%
1007- régulier Julliard Damien
56%
1008- régulier Lehaut François
56%
994- régulier Roussel Jack
56%
464- régulier Daunier William
56%
564-782 régulier Myriel Antoine
55%
231-887 régulier Meffre Camille
55%
4- régulier Reynaud Sara
55%
1629-1639 une affaire de famille Contentin Laure
54%
231- régulier Brunet Victor
54%
220- régulier Caron Georges
53%
1332-1333 Crash Leduc Jean-Charles
53%
446-467 la disparition de Ceasar Verrier Jean-Charles
53%
994- régulier Roussel Jordan
53%
3-773 régulier Beddiar Leila
53%
1263-1782 régulier Hassan Lisa
53%
994- régulier Roussel Lizzie
53%
497-1233 régulier Daunier Sofia
53%
504-1256 le secret des lazzari / veuf noir Lazzari Anne-Marie
52%
3-849 régulier Beddiar Bilel
52%
1616- régulier Julliard Charles
52%
348-1803 régulier Molina Charlie
52%
1-1122 régulier Vallorta Flore
52%
4-1681 régulier Moreno Jessica
52%
955-1689 régulier Daunier Bénédicte
51%
955-1940 régulier Curtis Dorian
51%
1-896 régulier Salducci Lucie
51%
3- régulier Constant Martin
51%
632- régulier Thiemen Roxane
51%
797- régulier Caron Mona
50%
125-1893 régulier Bellanger Robin
50%
9- régulier Moreno Sylvain
50%
1557- régulier Kovac Bastien
49%
1-148 Régulier Laval Bastien
49%
1112-1490 régulier Garnier Emma
49%
? régulier Trevis Emma
49%
249-275 sauvages Lisetti Raphael
49%
1370- régulier Vernet Soizic
49%
756-1399 régulier Guérin Alma
48%
6-1090 régulier Moreno Betty
48%
955-1689 régulier Curtis Etienne
48%
1-623 régulier Moiret Laurence
48%
887- régulier Meffre Maud
48%
1- régulier Saeed Nina
48%
1468- régulier Julliard Violette
48%
7-1088 régulier Moreno Dylan
47%
964-1812 régulier Paoletti Nathan
47%
1344-1582 résurgences/pour le meilleur De Villeduc Adèle
46%
1361- régulier Lehaut Alain
46%
1749-1762 soleil noir Feray Albane
46%
1338- régulier Paoletti Bruno
46%
168-772 Manteau rouge / Ma meilleure ennemie Bertrand Catherine
46%
212-934 régulier Doucet Clémentine
46%
408-1618 régulier Corkas Jules
46%
95-1121 régulier Delcourt Thomas
46%
176-896 le tueur aux alliances / le retour du tueur aux alliances/ amour a mort Very Marc
45%
382-1485 régulier Gueho Morgane
45%
1431- régulier Leclercq Simon
45%
168-769 Manteau rouge / Ma meilleure ennemie Bertrand Jacques
44%
1004- régulier Roussel Leo
44%
225-583 Malediction/ qui a tué lola Brunet Lola
44%
28-383 régulier Lazzari-Moiret Lucas
44%
1-2 Explosion en pleine mer Beddiar Lyes
44%
1033- régulier Becker Nordine
44%
1312-1979 régulier Saeed Rayane
44%
348-1121 régulier Molina Arnaud
43%
1046-1595 régulier Ventura Benjamin
43%
1356-1939 régulier Aznar Luna
42%
248-782 régulier Latour Rose
42%
267- régulier Brunet Timothée
42%
3-1484 régulier Raynaud Béatrice
40%
817-1196 régulier Kersal Louise
40%
1749-2000 régulier Feray Michael
40%
1089-1179 deux soeurs Jacob Pierre
40%
1984-2000 prêts a tout Dalvin Pierre
40%
546-578 intrigue secondaire Leroy Pierre
40%
71-829 régulier Valski Remy
40%
1370- régulier Raynaud Enora
39%
282-1162 régulier Doucet Garance
39%
745-1774 régulier Girard Sacha
39%
1019- régulier Perraud Sebastien
39%
354-1295 régulier Faro Amanda
38%
91- ? régulier Bellanger Baptiste
38%
361-746 régulier / Fred
38%
1838- régulier Lecomte Fred
38%
1333-1537 obsessions / effet domino Colombier Julie
38%
948-1236 la chute / coeur brisé / sabotages Josse Noa
38%
853-1675 régulier Meffre Xavier
38%
84-225 coup pour coup Raynaud Guy
37%
393-426 l'évasion de Bilel Corkas Mickael
37%
1519- régulier Julliard Philippine
37%
564-990 régulier Myriel Souleymane
37%
1009-1895 régulier Lehman Vanessa
37%
1644- régulier Caron Lucien
36%
1751- soleil noir / prêt a tout Feray Mia
36%
1751- régulier Feray Octave
36%
1003- régulier Perraud Raphaelle
36%
1382-2000 obsessions/ les évadés Letellier Benoit
35%
1415- régulier Lutti Diego
35%
2-175 régulier Vallorta Elisabeth
35%
227-1164 régulier Doucet Olivier
35%
505-515 le secret des lazzari Lazzari Philippe
35%
1315-1802 régulier Saeed Romy
35%
1608-1834 ces amis qui vous veulent du bien Prado Agnès
34%
981-991 la dame blanche Daunier Cyril
34%
1972-1986 prêts a tout Derback Cyril
34%
2-189 régulier Vallorta Éddy
34%
1469-1495 petite soeur Raynaud Angélique
33%
1559-1716 un père / grain de sable Kovac John
33%
1-195 régulier Vallorta Leonard
33%
1-508 régulier Robert Margot
33%
1229-1260 Les blessures du passé Camus Paul
33%
401-1108 régulier Corkas Virginie
33%
1793- régulier Hofaire Benny
32%
1592- régulier Clavel Lilou
32%
1508- régulier Plasse Melody
32%
989-1295 otages / évadés Messy Anthony
31%
961-1335 Dame Blanche/ illusions perdues Daunier Brigitte
31%
1013-1248 un garçon si parfait / les blessures du passé Diallo Cédric
31%
51-75 le jeu de l'ange Paquin Lili
31%
31-1775 régulier Girard Tristan
31%
1012-1258 régulier Lopez-Diallo Angie
30%
53-558 Amour Fou Bourgeuil Christophe
30%
1370-1598 pieds et poings liées/ joyeux Noel Langlois Alexis
29%
704-919 Jamais sans ma fille Kleber Laura
29%
409-919 régulier Molina Luke
29%
1308-1320 les fréres ennemis Saeed Malik
29%
1235-1275 Pièges Dusmenil Valentin
29%
826-2000 Régulier Lanon Aurélien
28%
1538-1568 Résurgence/ pour le meilleur De Villeduc Eloise
28%
910-1295 Dame blanche/ justices Guerin Hadrien
28%
137-351 Harcelée Cottin Jerome
28%
897-1233 incruste Marechal Romain
28%
1832-1863 en toute innocence Lecomte Romane
28%
316-1912 Halloween/ en plein doute Urtis Carla
27%
819-996 Veufs noir Gueho Franck
27%
916-1262 engrenage / la chute / règlement de compte Couturier Juliette
27%
96-114 Angelina Brunelle Angelina
26%
658-1346 Psychose/Crash Doumergue David
26%
138-451 régulier Gardel Mathias
26%
826-1445 régulier Lanon Mathilde
26%
751-985 régulier Girard Solenne
26%
1097-1104 deux soeur Jacob Zoe
26%
1450-1460 Dans la tourmente Lambesc Agathe
25%
1973-2000 prêts à tout Dalvin Emmanuel
25%
1002-1147 un garçon si parfait/ dilemmes Lopez-Diallo Irène
25%
1058-1295 régulier Novak Sophie
25%
4-15 Explosion en pleine Mer Beddiar Yasmine
25%
1481-1629 l'épreuve du doute Bousquet Gilles
24%
1801- régulier Marival Gloria
24%
25-55 l'héritage des Vallorta Vallorta Gregory
24%
1660-1700 intime conviction Massoin Gregory
24%
251-646 l'accident d'Arthur / la déchéance de Bart Quemere Hugo
24%
1864- crescendo Hofaire Kevin
24%
864-876 l'absente Chardeau Lydie
24%
961-1179 régulier Daunier Regis
24%
477-999 régulier Riviere Ulysse
24%
564-873 disparition / révélation Myriel Valérie
24%
1079-1114 peur sur les delcourt Delmonte Andréa
23%
612-747 le dilemme de karim / Chemsa
23%
1469-1495 petite soeur Raynaud Didier
23%
916-1262 engrenage/la chute/règlements de compte Couturier Gaspard
23%
1008-1258 régulier Lopez-Diallo Jahia
23%
1584-1907 joyeux noël / crescendo Deforges Liam
23%
1765-1777 les évadés Clavel Mathieu
23%
467-517 Prime Valette Mathieu
23%
1052-1071 le retour de rebecca Flores Rebecca
23%
1586-1660 implacable Moussiere Adeline
22%
15-475 régulier / Gwen
22%
1951-1956 Ensemble Julliard Henri
22%
97-? pour le meilleur et pour le pire Salieri Justine
22%
148-170 harcelée Cottin Lea
22%
1146-1149 Murder Party Courcelles Lea
22%
915-979 engrenage / la chute Couturier Océane
22%
991-1176 otages/ évadés Messy Ophelie
22%
409-647 Intrigue secondaire Molina Pauline
22%
1638- régulier Ribeiro Valentine
22%
1846-1855 jeu de dupes Favart Achille
21%
303-336 qui a tué lola / Caroline
21%
1722-1735 trouble jeu Leblanc Caroline
21%
1610-1629 l'épreuve du doute Hervieux Cécile
21%
1508-1560 Destins / saisir sa chance Gallois Corentin
21%
1098-1104 deux soeurs Jacob Jonathan
21%
1086-1257 dilemmes / les blessures du passé Lopez-Diallo Lilian
21%
398-852 régulier Palin Lise
21%
1889- régulier Perez Marine
21%
1914-1982 Nocif/ Trahison Tozelo Martial
21%
1696-1827 intime conviction / ces amis qui nous veulent du bien Prado Michel
21%
1399-1651 le choix de martin / double jeu Becker Myriam
21%
1092-1454 piéges Massari Elsa
20%
940-1196 La prunelle de mes yeux / noces rouges Lanon Gary
20%
/ intrigue secondaire Dulac Joachim
20%
1776-1950 onde de choc / ensemble Chauvet Julien
20%
386-545 la dérive de Margot / la disparition de cesar / Kylian
20%
1986- dangereux hasard Stern Ludovic
20%
618-1040 Coeur brisé Josse Yvan
20%
1016-1059 pas d'intrigue Régent Apollon
19%
482-prime le piège / Clara
19%
1288-1312 illusions perdues Laborde Delphine
19%
33-130 un bébé pour noël Perotti Enzo
19%
73-135 régulier Laval Fabienne
19%
409-866 l'évasion de Bilel /Black-out Danielli Félix
19%
1122-1131 l'homme que j'aime / chimeres Garnier Lionel
19%
1986- dangereux hasard / Marceau
19%
200-204 intrigue secondaire Salducci Penelope
19%
699-707 prédateur Joubert Quentin
19%
73-100 la disparition d'alex Valski Tiphaine
19%
1737-1748 Manipulations Van Burstel Elias
18%
1122-1131 l'homme que j'aime/ chimères Garnier Fanny
18%
669-705 intrigue secondaire Gosselin Gabin
18%
1036-1049 Passions Irving Jim
18%
1768- oppressions / Joel
18%
1932- La trahison Coulbaux Laurie
18%
1189-1252 les blessures du passé Barraud Nicolas
18%
443-467 la disparition de cesar Verrier Nicolas
18%
193-310 Manteau rouge / prémonition Vasseur Oriane
18%
193-310 premonition / manteau rouge Vasseur Oriane
18%
302-319 Prémonition Delors Patrick
18%
1350-1360 abandonnés Faure Patrick
18%
297-358 Premonition Gardel Yves
18%
131-149 le corbeau Verneuil Daniel
17%
728-1270 le dilemme de karim Jomand Erik
17%
1700-1860 régulier Carlucci Rachel
17%
153-183 intrigue secondaire Missonnier Rachel
17%
6-45 régulier Moreno Roch
17%
1294-1431 Crash / L'union des delcourt Jorda Stephane
17%
1143-1214 emprise Beaumont Stanislas
16%
1433-1521 effet domino Germain Vincent
16%
1965-1970 Nocif Mangin Vincent
16%
1778-1832 oppressions / ceux qui vous veulent du bien Projean Zack
16%
1091-1104 deux soeurs Lefebre Estelle
15%
897-911 incruste Beaulieu Hélène
15%
1715-1722 Grain de sable Belinski Igor
15%
1548-1560 saisir sa chance Gallois Laurent
15%
1025-1033 cœur brisé Maniglier Dimitri
14%
1526-1539 résurgence Bauer Fabio
14%
849-944 pas d'intrigues particulière / Isam
14%
1933-1962 intrigue secondaire / Jimmy
14%
1914-1925 Apparences / Joseph
14%
1840-1847 en toute innocence Lecompte Lorena
14%
221-364 Intrigue secondaire Gualandi Mattéo
14%
1351-1357 abandonnés Faure Muriel
14%
897-909 Incruste Beaulieu Pascal
14%
374-387 le retour du tueur aux alliances Meyer Sandra
14%
1895-1910 en plein doute Ratajski Sidonie
14%
1873-1898 le mensonge d'Audrey Roussel Viviane
14%
52-75 le jeu de l'Ange Lelong Marcus
13%
1292-1360 abandonnés Mareval Melanie
13%
674-686 révélations Barreau Nadine
13%
1397-1403 le choix de martin Gibert Yann
13%
1955-1974 intrigue secondaire Bonnaud Julienne
12%
1002-1021 un garçon si parfait Lefranc Laetitia
11%
1888-1895 ricochets Belmont Lara
11%
1042-1054 Passion Collet Marjorie
11%
365-1007 intrigue secondaire / Mike
11%
468-484 toxique Dabboville Thibault
11%
1793-1817 oppressions Lesueur Ulrick
11%
345-1052 pas d'intrigue particulière Docteur Jeannel
10%
446-467 la disparition de Cesar Verrier Natalia
10%
913-936 engrenage Allard Vinciane
10%
1462-1477 le fol amour Castella Leslie
9%
352-364 intrigue secondaire Girard Tina
9%
1788-1795 le secret de Romy Variot Tomer
9%
Aucun quiz correspondant
Distribution des résultats
% des personnes avec chaque résultat
Percentile par nombre de réponses
Votre historique - résultats
Vous n’avez pas pris ce quiz